[Event "Tata Steel-A 74th"]
[Site "Wijk aan Zee"]
[Date "2012.01.16"]
[Round "3"]
[White "Karjakin, Sergey"]
[Black "Giri, Anish"]
[Result "1-0"]
[WhiteElo "2769"]
[BlackElo "2714"]
[Annotator "Kritz,L"]
[PlyCount "73"]
[EventDate "2012.01.14"]
[EventType "tourn"]
[EventRounds "13"]
[EventCountry "NED"]
[EventCategory "21"]
[SourceTitle "CBM 147"]
[Source "ChessBase"]
[SourceDate "2012.03.16"]
[SourceVersion "1"]
[SourceVersionDate "2012.03.16"]
[SourceQuality "1"]

1. e4 e6 2. d4 d5 3. Nd2 c5 $1 {Das ist die richtige Spielweise. In der
Hauptalternative 3...Nf6 steht Weiß etwas angenehmer.} (3... Nf6 4. e5 Nfd7 5.
Bd3 c5 6. c3 Nc6 7. Ne2 cxd4 8. cxd4 f6 9. exf6 Nxf6 10. Nf3 Bd6 11. O-O $14 {
Die Stellung ist sicherlich spielbar, doch es ist klar, dass Weiß
strategischen Vorteil besitzt.}) 4. exd5 Qxd5 {Die Variante 4...exd5 scheint
sehr solide zu sein.} (4... exd5 5. Ngf3 Nc6 (5... a6 6. dxc5 Bxc5 7. Nb3 Ba7
8. Bd3 Qe7+ 9. Be2 Nf6 10. O-O O-O 11. Bg5 $14) 6. Bb5 Bd6 7. dxc5 Bxc5 8. O-O
Nge7 9. Nb3 Bd6 10. Re1 O-O 11. Bg5 Bg4 $132 {Schwarz hat eine gute Stellung.})
5. dxc5 $5 {Das ist eine relative neue Idee, die seit kurzem in die Praxis
eingeführt wurde. Seit Jahrzehnten hat man fast ausschließlich 5.Ngf3 gespielt.
} (5. Ngf3 cxd4 6. Bc4 Qd6 7. O-O Nf6 8. Nb3 Nc6 9. Nbxd4 Nxd4 10. Nxd4 (10.
Qxd4 Qxd4 11. Nxd4 Bd7 12. Bf4 Rc8 13. Bb3 Bc5 $11) 10... a6 11. Re1 Qc7 12.
Bb3 Bd6 13. Nf5 Bxh2+ 14. Kh1 O-O 15. Nxg7 Rd8 16. Qf3 Kxg7 17. Bh6+ Kg6 $132 {
Mit langen Varianten, die bis zum Ende analysiert wurden, und das Ergebnis ist
ganz typisch - Remis.}) 5... Qxc5 {Unklar, warum man mit der Dame nehmen muss,
wenn man mit Bxc5 gleich auch noch den Läufer entwickelt.} (5... Bxc5 6. Ngf3
Nf6 7. Bc4 (7. Bd3 O-O 8. Qe2 Nbd7 9. b3 Ng4 10. O-O Nde5 $11) 7... Qd6 8. O-O
O-O 9. Qe2 Qc7 10. Ne4 Nxe4 11. Qxe4 Nd7 $11) 6. Ne4 {Das wurde bis jetzt nur
zwei Mal gespielt. Öfters sah man 6.Ngf3, was aber auch keinen Vorteil brachte.
} (6. Ngf3 Nf6 7. Bd3 Be7 8. O-O O-O 9. Qe2 Nbd7 10. Ne4 Qc7 $11) 6... Qb4+ {
Das sieht logisch aus, Schwarz zwingt den weißen Springer zurückzugehen.} 7.
Nc3 Nf6 8. a3 $5 {Neue Idee.} (8. Bd3 Nbd7 9. a3 Qd6 10. Nf3 Nc5 11. Bb5+ Bd7
12. Qe2 a6 13. Bc4 Qc7 14. O-O Bd6 $11 {Timofeev - Morozevich (Taganrog, 2011)}
) (8. Nf3 Nbd7 9. Bd3 Be7 10. O-O O-O 11. Re1 Nc5 12. a3 Qb6 13. Be3 Qc7 14.
Nb5 Qd8 15. Bf1 Bd7 16. Nbd4 Qc7 $11 {Gorbatov - Ni Hua (Moscow, 2012)}) 8...
Qa5 {Hier kann die Dame nicht nach d6 gehen.} (8... Qd6 9. Qxd6 Bxd6 10. Nb5 $1
Ke7 11. Nxd6 Kxd6 12. Bf4+ $16 {Den schwarzfeldrigen Läufer sollte Schwarz
niemals ohne Grund aufgeben.}) 9. Bd3 a6 {Das sieht wie Zeitverlust aus. Es
ist besser zuerst die Figuren zu entwickeln.} (9... Be7 10. Nf3 (10. Bf4 Nd5 $1
11. Bd2 Nc6 12. Nf3 O-O 13. O-O Qb6 14. Nxd5 exd5 $11 {Schwarz hat einen sehr
guten Isolani, weil er die Kontrolle über das Feld d4 hat.}) 10... Nc6 11. O-O
O-O $11) 10. Bf4 Nbd7 (10... e5 $5 11. Bd2 $1 (11. Qe2 Nc6 12. Nf3 Bg4 13. Bd2
O-O-O $1 $11) 11... Nc6 12. Nf3 Qc7 13. O-O Bd6 14. Ne4 Nxe4 15. Bxe4 O-O 16.
Bc3 $14) 11. Nf3 Nh5 {Schwarz hat den richtigen Weg verloren. Er macht Züge
die keinen strategischen Sinn haben.} (11... Be7 12. O-O O-O 13. Re1 $14 {
Weiß steht besser, aber die Stellung ist immer noch durchaus spielbar.}) 12. b4
$1 {Weiß nimmt das Feld c5 unter Kontrolle und kann bei Gelegenheit mit seinen
Bauern weiter marschieren.} Qd8 13. Be3 Be7 (13... Qc7 14. Qd2 Be7 15. O-O Bf6
16. Nd4 $16) 14. O-O O-O 15. Ne4 {Nun will Weiß c4-c5 spielen.} a5 16. Rb1 $6 {
Es ist fraglich, ob die Aufgabe der a-Linie gut sein kann.} (16. Qd2 f5 17. Ng3
Nxg3 18. hxg3 $16) 16... axb4 17. axb4 Qc7 $2 {Wie kann man mit dem Springer
auf h5 spielen?} (17... Nhf6 $1 {Der Springer muss zurück!} 18. Nxf6+ Nxf6 $14
{und schon ist die Stellung fast ausgeglichen.}) 18. Nd4 (18. Qd2 $5 Nhf6 19.
Nxf6+ Nxf6 20. Bf4 Qb6 21. c4 $36) 18... g6 (18... Nf4 $5 19. Nb5 Qb8 20. Ned6
Nxd3 21. Qxd3 Ne5 22. Qd4 f6 $13) 19. Nb5 Qb8 20. c4 (20. Qd2 $5 f5 21. Bg5 $1
Ndf6 (21... fxe4 22. Bxe7 exd3 23. Bd6 $1 $18) 22. Nxf6+ Bxf6 23. Bxf6 Nxf6 24.
Ra1 $14) 20... f5 (20... Rd8 $5 21. Qc2 f5 22. Nec3 Nf4 23. Be2 $14 {und Weiß
hat auch Vorteil.}) 21. Nec3 (21. Ng3 $2 f4 22. Nxh5 fxe3 23. Ng3 exf2+ 24.
Rxf2 Rxf2 25. Kxf2 Qf4+ 26. Kg1 Ra2 $17 {Plötzlich sind alle schwarzen Figuren
im Spiel.}) 21... b6 22. Be2 Ndf6 (22... Nhf6 23. Nd4 $1 Ne5 24. h3 $1 $14 {
/\f4-Nc6}) 23. Nd4 Bd7 (23... Bd6 $5 24. h3 Bh2+ 25. Kh1 Bf4 26. Nc6 Qc7 27.
Bxf4 Nxf4 28. Bf3 Bb7 29. Nb5 Qg7 30. Qd6 $14) 24. Bf3 Qc7 $5 {Schwarz steht
schon ziemlich schlecht.} (24... Ra7 25. c5 $1 f4 26. Bd2 e5 27. Ndb5 $18) 25.
Bxa8 Rxa8 26. Nf3 (26. Qf3 $5 Rd8 27. Rfc1 $16 {und Weiß steht eigentlich
schon auf Gewinn, obwohl er genau spielen muss.}) 26... Qxc4 27. Qd4 (27. Ne5
Qxc3 28. Nxd7 Rd8 29. Nxf6+ Nxf6 {Der furchtbare Springer kommt zurück und
Schwarz hat etwas Kompensation.} 30. Qa4 Nd5 $44) 27... Qxd4 28. Bxd4 Rc8 {
Der Springer kann immer noch nicht ins Spiel gebracht werden.} (28... Nf4 $5
29. Ne5 Be8 30. Bxb6 Rb8 31. Be3 Rxb4 (31... N4d5 32. Nxd5 Nxd5 33. Bc5 Bf6 34.
Rfe1 $18) 32. Bxf4 (32. Rxb4 Bxb4 33. Na2 Ne2+ 34. Kh1 Bd6 $14) 32... Rxf4 33.
Rb6 $16) 29. g3 $1 {Coole Entscheidung! Weiß braucht sich nicht zu beeilen, er
begrenzt den Springer h5 und bereitet sein Spiel vor.} b5 30. Ne5 Be8 31. Rfc1
$1 {Die Idee ein Paar Türme zu tauschen ist sehr stark - danach wird der
zweite weiße Turm auf die 7. oder 8. Reihe entscheidend eindringen.} g5 32. Kg2
Kf8 33. Ne2 Ra8 34. Bc5 {Die Stellung ist nun total verloren für Schwarz.} Nd7
35. Bxe7+ Kxe7 36. Nc6+ Kd6 37. Ned4 {Der Springer hat es bis zum Ende der
Partie nicht geschafft vom Brettrand wegzukommen.} 1-0

[Event "Capablanca Memorial Elite 46th"]
[Site "Havana"]
[Date "2011.05.21"]
[Round "10"]
[White "Ivanchuk, Vassily"]
[Black "Le, Quang Liem"]
[Result "1-0"]
[WhiteElo "2776"]
[BlackElo "2687"]
[Annotator "Le Quang Liem"]
[PlyCount "97"]
[EventDate "2011.05.11"]
[EventType "tourn"]
[EventRounds "10"]
[EventCountry "CUB"]
[EventCategory "19"]
[SourceTitle "CBM 143"]
[Source "ChessBase"]
[SourceDate "2011.07.15"]
[SourceVersion "1"]
[SourceVersionDate "2011.07.15"]
[SourceQuality "1"]

{This is the last and critical game of the tournament. Leading by one point
ahead of Ivanchuk, I only needed a draw to become the champion, while my
opponent had to win at all costs to win the tournament.} 1. e4 e6 $5 {I rarely
play the French Defence against 1.e4, but in this game I decided to surprise
my experienced opponent.} 2. d4 d5 3. Nd2 c5 4. exd5 Qxd5 5. Ngf3 cxd4 6. Bc4
Qd6 7. O-O Nf6 8. Nb3 Nc6 9. Nbxd4 Nxd4 10. Nxd4 a6 11. Re1 Qc7 {A well-known
position from the Tarrasch variation, with hundreds of game having been played.
} 12. Qe2 {A flexible developing move that keeps the option to play Bd3 if
necessary.} (12. Bb3 {is the main line according to theory.}) 12... Bd7 $6 {
An inaccuracy. In this line Black should perhaps opt for short castling. The
reason is that with the bishop still on c4, White may sacrifice on a6 in some
cases after Black castles long (see my notes below)} (12... Bd6 {is more
accurate, with the possible continuation} 13. Bg5 O-O 14. Bd3 (14. Bxf6 gxf6
15. Bd3 {is the same}) 14... Bxh2+ 15. Kf1 Bf4 16. Bxf6 gxf6 17. g3 Rd8 18. Qe4
(18. c3 Bh6 19. Qh5 Bg7 $11) 18... f5 19. Nxf5 exf5 20. Qxf4 Qxf4 21. gxf4 Kg7
{Black equalises.}) ({Also playable is} 12... Bc5 13. c3 h6) 13. Bg5 O-O-O 14.
Rad1 Bc5 {Black's position is more unpleasant than it may seem, so I started
spending lots of time to find a good plan.} (14... Bd6 {is a natural move
Black would want to play, but here White has a strong reply} 15. Bxa6 $1 {
and the bishop can not be taken, as after} bxa6 $2 16. Qxa6+ Kb8 17. Re3 {
White wins.}) ({Probably the best move is} 14... Bb4 $5 {with the idea of
provoking c3 in order to prevent White's rook transfer via the third rank.} 15.
c3 Bd6 16. Bxa6 bxa6 17. Qxa6+ Kb8 18. c4 Bxh2+ 19. Kf1 (19. Kh1 Ng4 $1) 19...
Qb7 (19... Rc8) 20. Qxb7+ Kxb7 21. g3 h6 $11) (14... Kb8 {runs into the same
tactical motif} 15. Bxa6 $1 bxa6 16. Qxa6 Bc5 17. Rd3 $1 Nd5 (17... Qa7 18.
Nc6+ Bxc6 19. Bf4+ $18) 18. c4 Nb6 19. Nb3 Na4 20. Na5 $16 {White has a huge
advantage.}) 15. h3 $5 {A very solid and calm move. Now White is threatening
Bg5-h4-g3.} ({Of course White wants to play} 15. Bh4 {but at the moment it is
not that good because Black has a tactical resource} e5 16. Bg3 (16. Nf3 e4 17.
Ng5 e3 $1 {Black is absolutely fine}) (16. Qxe5 Bd6 17. Qe2 Bg4 18. f3 Rhe8 19.
Qd3 Rxe1+ 20. Bxe1 Bxh2+ 21. Kh1 Be5 22. Bf2 Bh5 23. Qf5+ Rd7 $11) 16... Bg4
17. Nf3 Rxd1 18. Qxd1 Rd8 19. Qe2 Bd6 {with equality.}) (15. g3 e5 $1 16. Bxf6
(16. Qxe5 Bd6 17. Qe2 Bg4 18. f3 Bxg3 $1 19. Bxf6 (19. hxg3 Rxd4) 19... gxf6
20. hxg3 Rxd4 21. Bxf7 Rhd8 22. Kg2 Qxf7 $11) 16... gxf6 17. Nb3 Ba7 18. Bxf7
Kb8 $44 {Black has good compensation for the pawn, thanks to his bishop pair
and the prospect of a kingside attack.}) 15... Kb8 (15... h6 16. Bh4 Bd6 {
is unplayable due to} 17. Bxa6 $1 g5 18. Rd3 $1 $16) ({The endgame arising
after} 15... Ba4 16. Bxe6+ fxe6 (16... Kb8 17. Qf3) 17. Nxe6 Rhe8 18. Nxc7 Rxe2
19. Rxd8+ Kxc7 20. Rxe2 Kxd8 {is slightly better for White.}) 16. Bh4 Ba4 $5 (
16... Bd6 {is once again met by} 17. Bxa6 $1 bxa6 18. Qxa6 $16 {Black is
helpless against multiple threats.}) (16... Bc8 17. c3 {White is better thanks
to his space advantage and active pieces.}) 17. Nf3 {The knight has to leave
the d-file.} (17. Bg3 Bd6 18. Bxd6 Rxd6 19. b3 Bc6 $11) 17... Rxd1 $5 {I
decided that Black has to simplify the position to keep the balance.} ({
I did not like} 17... Ka8 {because of} 18. Bd3 {White can later try to open
the queenside by advancing his a-and b-pawns. Also, he can place his knight on
e5 and bishop on g3 and create many threats. My pieces are less active.}) 18.
Rxd1 Rd8 19. Rxd8+ Qxd8 20. b3 ({My computer still prefers White after} 20.
Bg3+ {but I think Black keeps decent drawing chances} Ka7 21. Bd3 h6 22. Ne5
Be8) 20... Be8 21. Qe5+ Qd6 {Step by ste, I managed to solve my problems. The
position is obviously equal now.} (21... Bd6 {also deserves attention} 22. Qg5
Bf8 23. Bg3+ Ka8 24. Qe5 h6) 22. Qg5 (22. Bxf6 gxf6 23. Qxf6 Qd1+ 24. Bf1 Qxc2
25. Ne1 (25. Nd4 Qe4) 25... Qf5 26. Qxf5 exf5 27. Bd3 Bd7 28. Nf3 h6 29. Ne5
Be6 30. Bc4 Kc7 31. Nxf7 Bxf7 32. Bxf7 Kd6 $11) 22... Ne4 23. Qxg7 Qd1+ 24. Kh2
Bd6+ $6 {In time trouble I went astray.} (24... Nxf2 $1 {would have made a
draw, for example} 25. Qe5+ (25. Bxf2 Bxf2 26. Qf8 Qd8) 25... Bd6 26. Qxd6+
Qxd6+ 27. Bg3 Kc7 28. Bxd6+ Kxd6 29. Kg3 Ne4+ 30. Kf4 Nc3 31. a4 f6 $11) 25.
Bg3 Nxg3 $2 ({It is still not too late to go for} 25... Nxf2 {, though White's
play is easier after} 26. Bxd6+ Qxd6+ 27. Kg1 Ne4 28. Bd3) 26. fxg3 $14 Bc6 {
I thought my powerful bishops might sufficiently compensate for the pawn.
Actually that is not true.} 27. Qxf7 Qxc2 (27... e5 $2 28. Nxe5 Bxe5 29. Qf8+
$18) 28. Qxe6 Kc7 29. Bd5 Bd7 $2 ({I missed my last chance} 29... Qf2 $1 30.
Qf7+ (30. Ne5 Bc5 31. Qf7+ (31. h4 Qg1+ 32. Kh3 h5 $1 {(This is what I really
missed in my calculation)}) 31... Qxf7 32. Bxf7 Kd6 $1 {with very good drawing
chances. The opposite-coloured bishop endgame is clearly drawish, although the
computer does not understand...}) 30... Kb6 31. Ne5 Qxf7 32. Nxf7 (32. Nc4+ Kc5
33. Bxf7 Bc7) 32... Bxd5 33. Nxd6 Kc5 34. Ne8 Be4 {Despite being two pawns
down, Black is saved by his active king and bishop. He will soon create a
passed pawn on the queenside.}) 30. Qe3 $1 Qxa2 31. Qc3+ Kb6 32. Nd2 $1 {
White is winning. His pieces coordinate very well, and his king is very safe.
Black's king is in real danger now.} Bc5 33. Ne4 Qa3 34. Bxb7 a5 35. Bd5 a4 36.
Qf6+ (36. Qe5 {wins even faster.}) 36... Kc7 37. bxa4 Ba7 38. Qe5+ Kd8 39. Nd6
Qe3 40. Nb7+ Kc8 41. Qh8+ Be8 42. Qxe8+ Qxe8 43. Nd6+ Kd8 44. Nxe8 Kxe8 45. a5
{White simply has too many pawns.} Ke7 46. h4 Kf6 47. Kh3 Kf5 48. Bb3 h6 49. a6
{I resigned. With this win Ivanchuk caught me up and won the tournament by tie
break. It was a pity for me that I made serious mistakes on move 25 and 29,
and that cost me the tournament. On the other hand, my opponent played very
well and kept his title convincingly.} 1-0

[Event "ISR-chT"]
[Site "Israel"]
[Date "1996.??.??"]
[Round "4"]
[White "Liss, Eran"]
[Black "Bykhovsky, Avigdor"]
[Result "1-0"]
[WhiteElo "2480"]
[BlackElo "2405"]
[Annotator "Liss,E"]
[PlyCount "75"]
[EventDate "1996.??.??"]
[EventType "team"]
[EventRounds "11"]
[EventCountry "ISR"]
[SourceTitle "CBM 052 Extra"]
[Source "ChessBase"]
[SourceDate "1996.07.01"]
[SourceVersion "1"]
[SourceVersionDate "1996.07.01"]
[SourceQuality "1"]

1. e4 e6 2. d4 d5 3. Nd2 c5 4. exd5 Qxd5 5. Ngf3 cxd4 6. Bc4 Qd8 7. O-O a6 8.
Nb3 Qc7 9. Qe2 $6 (9. Qxd4 $1 $14 Nc6) 9... Bd6 10. Nbxd4 Ne7 {Black has
managed to trick white in the moves order so now he's got his Knight placed on
e7 instead of f6} 11. Re1 Nbc6 (11... O-O 12. Bd3 $14) 12. Nxc6 Nxc6 13. Qe4 {
Preventing 13...0-0 because of 14.Ng5} Bd7 (13... b5 $5 14. Bd5 $5 (14. Bb3 {/\
} Bb7 15. Bxe6 fxe6 16. Qxe6+ Ne7 17. Bg5 $36) 14... Bd7 $8 (14... Bb7 15. Nd4
Nxd4 16. Bxb7 Rb8 (16... Nxc2 17. Bxa8 Nxa1 18. Bd2 Nc2 19. Bc6+ $18) 17. Qxd4
Rxb7 18. Qxg7 $16) 15. c4 $5 $36) 14. b3 Na5 $6 {The beginning of a dubious
idea} (14... O-O-O $1 15. Bb2 $13) 15. Be2 $1 Bc6 (15... O-O-O 16. Bb2 {
and the Knight is misplaced on a5}) 16. Qh4 Bxf3 17. Bxf3 Be5 (17... Qxc2 $6
18. Qh5 $1 Qc3 19. Bd2 $1 Qxd2 20. Rad1 g6 21. Rxd2 gxh5 22. Rxd6 h4 (22... Ke7
23. Rb6 $16) 23. b4 $16) 18. Rb1 Bf6 (18... Qxc2 $2 19. Ba3 Bf6 20. Qa4+ Nc6
21. Rbc1 $18) 19. Qa4+ {Now white has strong initiative} Nc6 20. Bf4 Qb6 21.
Red1 O-O 22. Rd7 $2 {Giving black a chance to come back to the game.} (22. Rd6
$1 Rac8 (22... Be7 23. Rd7 Bc5 24. Rf1 $14) 23. Rbd1 $14) 22... Nd4 $1 {
and suddenly I realized that I can't take b7 because of 23.B:b7 Ne2+ 24.Kf1
Nc3! and black is winning} 23. Be3 $8 Nxf3+ 24. gxf3 Qb5 (24... Qc6 25. Qxc6
bxc6 $16) 25. Qxb5 axb5 26. Rxb7 Rxa2 27. Rc1 Bb2 28. Rd1 Bf6 29. Rc7 $1 $14 h6
30. Rdd7 Be5 (30... b4 {could give black good chances for a drow}) 31. Rc5 Bb8
32. Rc6 $1 g5 33. Rb7 $18 Bf4 34. Bxf4 gxf4 35. Rxb5 Rd8 36. Rc4 Rd2 37. Rbc5
Kg7 38. Kg2 $138 {And black lost on time, but the position is completely
winning for white} 1-0

[Event "RUS-chT 03rd"]
[Site "Kazan"]
[Date "1995.??.??"]
[Round "7"]
[White "Svidler, Peter"]
[Black "Savchenko, Stanislav"]
[Result "1/2-1/2"]
[WhiteElo "2635"]
[BlackElo "2590"]
[Annotator "Makarichev,S"]
[PlyCount "31"]
[EventDate "1995.??.??"]
[EventType "team-tourn"]
[EventRounds "9"]
[EventCountry "RUS"]
[SourceTitle "CBM 051"]
[Source "ChessBase"]
[SourceDate "1996.04.01"]
[SourceVersion "1"]
[SourceVersionDate "1996.04.01"]
[SourceQuality "1"]
[WhiteTeam "Sankt Petersburg FINEK"]
[BlackTeam "Moscow CSKA"]
[WhiteTeamCountry "RUS"]
[BlackTeamCountry "RUS"]

1. e4 e6 2. d4 d5 3. Nd2 c5 4. exd5 Qxd5 5. dxc5 Bxc5 6. Ngf3 Nf6 7. Bd3 O-O 8.
Qe2 Nbd7 9. b3 (9. Ne4 $13 {Kasparov,G-Anand,V/Reggio Emilia/1992/}) 9... Ng4
$1 (9... a5 10. Bb2 b6 11. O-O-O $40 {Rublevsky,S-Beliavsky,A/YUG-cht/1995/}) (
9... Bb4 10. Bb2 Qc5 11. c4 Ba3 12. Bd4 $13 {Svidler,P-Lamoureux,C/Groningen/
1993/}) 10. O-O (10. Ne4 Bb4+ 11. c3 (11. Bd2 Bxd2+ 12. Nexd2 Nge5 13. Be4
Nxf3+ 14. Nxf3 Qa5+ $10) 11... Nc5 $5 (11... Ba5 12. O-O f5 13. c4 Qc6 14. Ng3
$13) 12. Bc2 $1 (12. Bc4 Qxe4 13. cxb4 Qxe2+ 14. Bxe2 Ne4 15. h3 Ngf6 $132)
12... f5 $1 (12... Nxe4 $2 13. cxb4 $1 Ngxf2 $2 (13... Nc3 14. Qc4 $1 $14) (
13... f5 $14) 14. O-O $1 $16) 13. cxb4 fxe4 14. bxc5 (14. Nd2 $2 Nxf2 15. bxc5
Nxh1 16. Nxe4 Qd4 17. Rb1 Qg1+ 18. Kd2 Rd8+ 19. Nd6 Qxc5 $19) 14... exf3 15.
gxf3 Ne5 $1 (15... Qxf3 $2 16. Qxf3 Rxf3 17. Bd1 $1 $18) (15... Rxf3 $2 16. Be4
(16. Qe4 Nxf2 $1 17. Qxh7+ (17. Qxd5 exd5 18. Rf1 Nd3+ $17) 17... Kf8 18. Bb2
$8 Re3+ $1 19. Kxf2 Qf3+ 20. Kg1 Qg4+ 21. Kf1 $1 $10) 16... Qd4 17. Bxf3 Qxa1
18. O-O $40) 16. Be4 (16. Qe4 $6 Nxf3+ 17. Kf1 Qh5 18. h4 e5 19. Be3 Bf5 $40)
16... Nxf3+ 17. Qxf3 Rxf3 (17... Qe5 $6 18. Qd3 Qxa1 19. Bxh7+ Kh8 20. O-O Qf6
$5 21. Qh3 $1 e5 22. Bf5+ $1 (22. Qh5 Bg4 $1 $15) 22... Kg8 23. Qh7+ Kf7 24.
Qh5+ $1 g6 $8 25. Qh7+ $16) 18. Bxd5 exd5 19. Be3 $10) 10... Nde5 $1 11. Be4 (
11. Nxe5 Qxe5 $1 $10 12. Qxg4 $140 $2 Qxa1 13. Qh5 f5 $17) 11... Nxf3+ 12. Nxf3
(12. gxf3 $2 Qe5 13. fxg4 Qxa1 $17) (12. Qxf3 Qe5 $1 $17) 12... Qh5 13. h3 (13.
Bb2 Nxh2 $1 $15) 13... Nf6 14. Bb2 (14. Bd3 b6 $15) 14... Nxe4 15. Qxe4 f6 16.
Rad1 (16. Rad1 Qf7 $5 17. Nd4 e5 18. Nf5 Bxf5 (18... Be6 $6 19. Nd6 $1 Bxd6 20.
Rxd6 $14) 19. Qxf5 Rad8 $10) 1/2-1/2